Statistiques concernant Paroles - suicide social - Orelsan - Part 1

Cliquez ici pour prendre le quiz!

Statistiques générales

  • Ce quiz a été pris 326 fois
    (314 depuis la dernière actualisation)
  • Le résultat moyen est 354 sur 489

Statistiques - réponses

Réponse% Correct
à
98%
le
98%
de
96%
mon
96%
se
96%
je
95%
La
95%
la
95%
au
94%
les
94%
dernier
93%
ma
93%
ça
92%
jour
92%
que
92%
aujourd'hui
91%
Aujourd'hui
91%
existence
91%
pas
91%
sera
91%
si
91%
ces
90%
dernière
89%
fois
89%
un
88%
vie
88%
et
87%
com
86%
leur
86%
silence
86%
tu
86%
une
86%
adieu
85%
dans
85%
qui
85%
fini
84%
ils
84%
j'ai
84%
ni
84%
comme
83%
patte
82%
bien
81%
donnerai
81%
sur
81%
cravate
80%
leurs
80%
nuisances
80%
te
80%
travail
80%
yeux
80%
chemise
79%
des
79%
évidence
79%
ferme
79%
j'irai
79%
mettrai
79%
par
79%
maintenant
78%
beurre
77%
d'être
77%
m'apparaît
77%
peu
77%
photocopie
77%
rangée
77%
tous
77%
jusqu'au
76%
lobotomie
76%
longtemps
76%
solution
76%
cherché
75%
ne
75%
qu'à
75%
bureau
74%
employés
74%
en
74%
du
73%
malette
73%
mayonnaise
73%
médiocrité
73%
pour
73%
ta
73%
va
73%
arrangerait
72%
pouvais
72%
c'est
71%
monotonie
71%
rater
71%
ses
71%
tienne
71%
cerveau
69%
étriqué
69%
boufferaient
68%
conforterait
68%
faire
68%
bon
67%
mode
67%
quand
67%
d'un
66%
fera
66%
finir
66%
jamais
66%
place
66%
coiffeuse
65%
fils
65%
trois
65%
font
64%
grands
64%
jeunes
64%
loi
64%
mets
64%
pompier
64%
t'es
64%
cassoulet
63%
fais
63%
plus
63%
sauter
62%
ton
62%
vieux
62%
bout
61%
PDG
61%
point
61%
prendrait
61%
pute
61%
qu'ils
61%
vous
61%
affreuse
60%
avec
60%
cadres
60%
doré
60%
gamine
60%
sentent
60%
sommet
60%
arriver
59%
défenestrer
59%
d'une
59%
entre
59%
parachute
59%
seul
59%
sont
59%
télé
59%
cadavres
58%
campagne
58%
connards
58%
désespérés
58%
diplômés
58%
elles
58%
essaie
58%
marché
58%
n'a
58%
quelqu'un
58%
virer
58%
avoir
57%
eux
57%
familles
57%
fièvre
57%
fraîchement
57%
globe
57%
merde
57%
mi-temps
57%
pote
57%
salariés
57%
snob
57%
sourire
57%
stériles
57%
troisième
57%
bouffent
56%
but
56%
d'attraper
56%
d'eau
56%
discussions
56%
l'after-shave
56%
mouiller
56%
patrons
56%
peux
56%
porc
56%
pub
56%
quarts
56%
richesses
56%
soleil
56%
sudistes
56%
vierges
56%
voulaient
56%
baisent
55%
conduire
55%
crasseuses
55%
d'ouvrir
55%
êtes
55%
goût
55%
musique
55%
parisiens
55%
pensent
55%
séquestrer
55%
s'ils
55%
voir
55%
contents
54%
d'été
54%
économies
54%
effarouchées
54%
façon
54%
faussement
54%
finance
54%
intelligents
54%
jouent
54%
loin
54%
monopole
54%
peine
54%
personne
54%
petits
54%
secrétaires
54%
abrutis
53%
aphteuse
53%
commerciaux
53%
cultivés
53%
débiles
53%
gens
53%
proches
53%
retard
53%
RTT
53%
siècle
53%
t'empêchera
53%
vacances
53%
besoin
52%
boivent
52%
bouts
52%
cette
52%
chandelles
52%
cuisant
52%
d'engraisser
52%
france
52%
idéaux
52%
médisants
52%
méprisant
52%
oeil
52%
partagent
52%
payer
52%
province
52%
racistes
52%
séniles
52%
toutes
52%
trouve
52%
vos
52%
bandes
51%
comptables
51%
douze
51%
regardent
51%
représentants
51%
toi
51%
voient
51%
chaque
50%
d'incestes
50%
embourgeoisés
50%
qu'empileraient
50%
grassouillets
49%
haine
49%
parlent
49%
SS
49%
capitale
48%
grattent
48%
jouer
48%
lieu
48%
mieux
48%
parce
48%
périmés
48%
profonde
48%
putride
48%
stupide
48%
banlieue
47%
commères
47%
inutile
47%
justifient
47%
occupation
47%
profondément
47%
cupide
46%
néo-nazi
46%
produits
46%
radins
46%
aucune
45%
passion
45%
valent
45%
accueillants
44%
devenu
44%
ouvriers
44%
prouver
44%
vieilles
44%
finies
43%
t'avais
43%
soi-disant
42%
nouveaux
41%
beaufs
40%
essaient
40%
fascistes
40%
prétentieux
40%
agressifs
39%
deviennent
39%
piranhas
39%
répliquants
37%

Distribution des résultats

Percentile par nombre de réponses

% des personnes avec chaque résultat

Votre développement - résultats

Vous n’avez pas pris ce quiz depuis la dernière actualisation